La producción de arándanos. Régimen legal de la actividad. Conflicto en torno a la personería gremial (Registro nro. 18720)
[ vista simple ]
| 000 -LEADER | |
|---|---|
| fixed length control field | 00378 a2200109 4500 |
| 001 - CONTROL NUMBER | |
| control field | ART_40364 |
| 005 - DATE AND TIME OF LATEST TRANSACTION | |
| control field | 20260410161741.0 |
| 008 - FIXED-LENGTH DATA ELEMENTS--GENERAL INFORMATION | |
| fixed length control field | 260409a |
| 100 1# - MAIN ENTRY--PERSONAL NAME | |
| Personal name | Slavin, Luis P. |
| 245 10 - TITLE STATEMENT | |
| Title | La producción de arándanos. Régimen legal de la actividad. Conflicto en torno a la personería gremial |
| 773 0# - HOST ITEM ENTRY | |
| Title | Doctrina laboral |
| Related parts | - Nº 336 (ago. 2013) |
| Record control number | REV4049 |
No hay ítems disponibles.